| Tag |
First Indicator |
Second Indicator |
Subfields |
| LEADER |
00000cam a2200000 i 4500 |
| 001 |
in00004052408 |
| 005 |
20190718162531.0 |
| 008 |
180531s2019 nyu 000 1 eng |
| 010 |
|
|
|a 2018025083
|
| 019 |
|
|
|a 1083642679
|a 1085110547
|
| 020 |
|
|
|a 9780062862853
|q hardcover
|
| 020 |
|
|
|a 0062862855
|q hardcover
|
| 020 |
|
|
|a 9780062862860
|q paperback
|
| 020 |
|
|
|a 0062862863
|q paperback
|
| 024 |
8 |
|
|a 40028921633
|
| 035 |
|
|
|a (OCoLC)on1035394788
|
| 035 |
|
|
|a (OCoLC)1035394788
|
| 037 |
|
|
|b Harpercollins, 53 Glenmaura National Blvd Ste 300, Moosaic, PA, USA, 18507-2132
|n SAN 200-2086
|
| 040 |
|
|
|a DLC
|b eng
|e rda
|c DLC
|d OCLCQ
|d SSH
|d LEHIC
|d QQ3
|d PCX
|d CZA
|d CHY
|d BDX
|d UAP
|d YDX
|d MJ8
|d KVIJL
|d OCP
|d FNN
|d ILC
|d DCH
|d YDX
|d TXWBR
|d D9M
|d OCLCO
|d WIMVL
|d FMG
|d JAS
|d JTH
|d BUDAP
|d IDLEW
|d VA@
|d CNCAR
|d HQB
|d OCLCO
|d TNX
|d CMFTP
|d TXMLR
|d COO
|d CLE
|d TS4
|d DPB
|d WL8
|d WLM
|d ALD
|d AZT
|d JTO
|d TXDRI
|d CTL
|d JP3
|d IDQ
|d OCLCO
|d JX6
|d VKC
|d STF
|d OCLCF
|d FPJ
|d UAB
|d UtOrBLW
|
| 042 |
|
|
|a pcc
|
| 043 |
|
|
|a n-us-ma
|
| 049 |
|
|
|a TXAM
|
| 050 |
0 |
0 |
|a PS3563.C35248
|b B69 2019
|
| 082 |
0 |
0 |
|a 813/.54
|2 23
|
| 084 |
|
|
|a FIC019000
|a FIC045000
|a FIC014000
|2 bisacsh
|
| 100 |
1 |
|
|a McCracken, Elizabeth,
|e author.
|
| 245 |
1 |
0 |
|a Bowlaway :
|b a novel /
|c Elizabeth McCracken.
|
| 250 |
|
|
|a First edition.
|
| 264 |
|
1 |
|a New York, NY :
|b Ecco, An Imprint of HarperCollins Publishers,
|c [2019]
|
| 300 |
|
|
|a 373 pages ;
|c 24 cm
|
| 336 |
|
|
|a text
|b txt
|2 rdacontent
|
| 337 |
|
|
|a unmediated
|b n
|2 rdamedia
|
| 338 |
|
|
|a volume
|b nc
|2 rdacarrier
|
| 520 |
|
|
|a "A sweeping and enchanting new novel from the widely beloved, award-winning author Elizabeth McCracken about three generations of an unconventional New England family who own and operate a candlepin bowling alley"--
|c Provided by publisher.
|
| 520 |
|
|
|a Bertha Truitt has always been an enigma to people in Salford, Massachusetts. She was discovered unconscious in a cemetery at the turn of the twentieth century-- nothing but a bowling ball, a candlepin, and fifteen pounds of gold on her person. She marries and starts a family with Leviticus Sprague, the doctor who revived her. The bowling alley she opens quickly becomes Salford's most defining landmark. When Bertha dies in a freak accident, her heretofore-unheard-of son arrives, claiming Truitt Alleys. This begins generations of inheritance battles, murky paternities, and hidden wills. -- adapted from jacket
|
| 650 |
|
7 |
|a FICTION
|x Literary.
|2 bisacsh
|
| 650 |
|
7 |
|a FICTION
|x Family Life.
|2 bisacsh
|
| 650 |
|
7 |
|a FICTION
|x Historical.
|2 bisacsh
|
| 650 |
|
0 |
|a Families
|z Massachusetts
|v Fiction.
|
| 650 |
|
0 |
|a Bowling alleys
|v Fiction.
|
| 650 |
|
0 |
|a Inheritance and succession
|v Fiction.
|0 http://id.loc.gov/authorities/subjects/sh2008104235
|
| 650 |
|
4 |
|a FICTION / Literary.
|
| 650 |
|
4 |
|a FICTION / Family Life.
|
| 650 |
|
4 |
|a FICTION / Historical.
|
| 650 |
|
4 |
|a FICTION / Family Life / General.
|
| 650 |
|
4 |
|a FICTION / Historical / General.
|
| 650 |
|
1 |
|a Bowling alleys
|v Fiction.
|
| 650 |
|
7 |
|a Bowling alleys.
|2 fast
|0 (OCoLC)fst00837248
|
| 650 |
|
7 |
|a Families.
|2 fast
|0 (OCoLC)fst01728849
|
| 650 |
|
7 |
|a Inheritance and succession.
|2 fast
|0 (OCoLC)fst00973371
|
| 651 |
|
7 |
|a Massachusetts.
|2 fast
|0 (OCoLC)fst01204307
|
| 655 |
|
7 |
|a Historical fiction.
|2 sears
|
| 655 |
|
4 |
|a Historical fiction.
|
| 655 |
|
7 |
|a Domestic fiction.
|2 fast
|0 (OCoLC)fst01726589
|
| 655 |
|
7 |
|a Fiction.
|2 fast
|0 (OCoLC)fst01423787
|
| 655 |
|
7 |
|a Historical fiction.
|2 fast
|0 (OCoLC)fst01726640
|
| 655 |
|
7 |
|a Historical fiction.
|2 gsafd
|
| 655 |
|
7 |
|a Domestic fiction.
|2 lcgft
|0 http://id.loc.gov/authorities/genreForms/gf2014026295
|
| 655 |
|
7 |
|a Historical fiction.
|2 lcgft
|0 http://id.loc.gov/authorities/genreForms/gf2014026370
|
| 776 |
0 |
8 |
|i Online version:
|a McCracken, Elizabeth.
|t Bowlaway.
|b First Edition.
|d New York, NY : Ecco, 2019
|z 9780062862877
|w (DLC) 2018026602
|
| 945 |
|
|
|b 949561
|
| 947 |
|
|
|a A14850741951
|
| 994 |
|
|
|a 92
|b TXA
|
| 999 |
f |
f |
|s c18e331f-7cb6-314d-a8ef-05b892363d6d
|i d89ccb5f-7bde-34e6-b82a-da5568fdd645
|t 0
|
| 952 |
f |
f |
|p normal
|a Texas A&M University
|b College Station
|c Sterling C. Evans Library
|d Evans: Library Stacks
|t 0
|e PS3563.C35248 B69 2019
|h Library of Congress classification
|i unmediated -- volume
|m A14850741951
|
| 998 |
f |
f |
|a PS3563.C35248 B69 2019
|t 0
|l Evans: Library Stacks
|